Counter-Strike Global Offensive Teams - Statistics

General Stats
  • This quiz has been taken 532 times
  • The average score is 11 of 24
Answer Stats
Answer % Correct
Ukraine Na'Vi
88%
Mix Gamers 2 Kinguin
84%
Swedish Fnatic
83%
Swedish Ninjas In Pyjamas
79%
US Cloud9
77%
Polish Virtus Pro
76%
French EnVyus
70%
Brazil Luminosity
57%
Australian Renegades
56%
French Titan
54%
German Mouse-Sports
50%
Danish Team Solo Mid
48%
US Team Liquid
47%
Danish Dignitas
42%
Danish SK Gaming
40%
US CLG
33%
Ukraine HellRaisers
28%
Ukraine Flipside
26%
US Complexity
21%
German Penta
18%
Norway Copenhagen Wolves
11%
Australian Immunity
7%
UK EzSkins
4%
Polish Vexed Gaming
1%
No matching quizzes found
Score Distribution
Percent of People with Each Score
Percentile by Number Answered
Your Score History
You have not taken this quiz